L'Educació general bàsica a Catalunya : escolarització i despesa pública / R. Amargós, A. Menduiña, J. R. Vilagut escolarització i despesa pública / R. Amargós, A. Menduiña, J. R. Vilagut
Descripción Física:
238 p. ; 23 cm
Materias:
Ensenyament primari -- Catalunya
MARC
| LEADER | 00000nam a2200000Ia 4500 | ||
|---|---|---|---|
| 001 | 581 | ||
| 008 | 160829s1980 xx 000 0 cat d | ||
| 080 | |a E-1-90 | ||
| 100 | |a Amargós i Torruella, Rosa Ma. |9 26143 | ||
| 245 | |a L'Educació general bàsica a Catalunya : |b escolarització i despesa pública / R. Amargós, A. Menduiña, J. R. Vilagut | ||
| 260 | |a Barcelona : |b Servei Central de Publicacions de la Generalitat de Catalunya, |c 1980 | ||
| 300 | |a 238 p. ; |c 23 cm | ||
| 590 | |a Abans del títol: Generalitat de Catalunya. Departament d'Ensenyament. | ||
| 650 | |a Ensenyament primari |x Catalunya |9 33149 | ||
| 700 | |a Menduiña, Antonio |9 26144 | ||
| 700 | |a Vilagut, J. R. |9 26145 | ||
| 710 | |a Catalunya. |b Departament d'Ensenyament |9 52899 | ||
| 901 | |a Arxiu | ||
| 942 | |n 1 | ||
| 952 | |0 0 |1 0 |4 0 |6 E190 |7 1 |9 43896 |a Arxiu |b Arxiu |d 2016-12-01 |l 0 |o E-1-90 |p 581 |r 2016-12-01 00:00:00 |w 2016-12-01 |y ARXIU | ||
| 999 | |c 46476 |d 46476 | ||